000 01476pab a2200205 454500
008 180718b2014 xxu||||| |||| 00| 0 eng d
100 _aPandey, Sanjay K.
245 _aImmigration health care access and the affordable care act
260 _c2014
300 _ap.749-759.
362 _aNov-Dec
520 _aIn spite of major coverage expansions under the Patient Protection and Affordable Care Act (ACA), a large proportion of immigrants will continue to remain outside the scope of coverage. Because various provisions of the ACA seek to enhance access, advancing knowledge about immigrant access to health care is necessary. The authors apply the well-known Andersen model on health care access to two measuresï¾—one focusing on perceptions of unmet health care needs and the other on physician visits during the last year. Using data from the New Jersey Family Health Survey, the authors find that prior to implementation of the ACA coverage expansions, immigrants in New Jersey reported lower levels of unmet health care needs despite poorer self-rated health compared with U.S.-born residents. The article concludes with a discussion of the use of Andersen model for studying immigrant health care access and the broader implications of the findings. - Reproduce
650 _aImmigration
650 _aHealth services
700 _aLioyd, Kristen
700 _aCantor, Joel C.
773 _aPublic Administration Review
908 _aN
909 _a106675
999 _c106670
_d106670